[Event "EU-ch rapid"]
[Site "Wroclaw"]
[Date "2014.12.20"]
[Round "3"]
[White "Meskovs, Nikita"]
[Black "Szumilas, Pawel"]
[Result "1-0"]
[WhiteElo "2452"]
[BlackElo "2163"]
[PlyCount "79"]
[EventDate "2014.12.20"]
[EventType "swiss (rapid)"]
[EventRounds "11"]
[EventCountry "POL"]
[SourceTitle "CBM 164 Extra"]
[Source "ChessBase"]
[SourceDate "2015.03.02"]
[SourceVersion "1"]
[SourceVersionDate "2015.03.02"]
[SourceQuality "1"]

1. e4 c5 2. Nf3 g6 3. c3 Bg7 4. g3 d5 5. exd5 Qxd5 6. Qe2 Bf5 7. Na3 Nc6 8. Bg2 Bd3 9. Nh4 Qd7 10. Qe3 Nf6 11. Qxc5 0-0 12. Nc4 Qe6+ 13. Ne3 Ne4 14. Qd5 Qxd5 15. Nxd5 e5 16. f3 Nc5 17. b4 Ne6 18. Bf1 e4 19. Bxd3 exd3 20. Rb1 Rfe8 21. Kf2 Ng5 22. Nf4 Ne5 23. Re1 h5 24. Rb3 b5 25. Re3 Red8 26. Nhg2 Rd7 27. Ne1 Rad8 28. Rb1 Kf8 29. a4 a6 30. axb5 axb5 31. Ra1 Nh7 32. Ra6 g5 33. Nxh5 Nc4 34. Rxd3 Rxd3 35. Nxd3 Rxd3 36. Ra8+ Ke7 37. Nxg7 Nf6 38. Nf5+ Kd7 39. Ra7+ Ke8 40. Nd4 1-0

[Event "Warsaw Four Seasons op 2nd"]
[Site "Warsaw"]
[Date "2011.??.??"]
[Round "9"]
[White "Domagala, Maciej"]
[Black "Szumilas, Pawel"]
[Result "0-1"]
[WhiteElo "1486"]
[BlackElo "2203"]
[PlyCount "52"]
[EventDate "2011.11.26"]
[EventType "swiss"]
[EventRounds "9"]
[EventCountry "POL"]
[SourceTitle "EXT 2014"]
[Source "ChessBase"]
[SourceDate "2013.11.20"]
[SourceVersion "1"]
[SourceVersionDate "2013.11.20"]
[SourceQuality "1"]

1. d4 Nf6 2. c4 g6 3. Nc3 Bg7 4. e4 d6 5. Nf3 0-0 6. Be2 e5 7. 0-0 exd4 8. Nxd4 Re8 9. Be3 Nxe4 10. Nxe4 Rxe4 11. Bf3 Re8 12. Qb3 Nd7 13. Rad1 Nc5 14. Qc2 Be5 15. g3 Bh3 16. Rfe1 Qf6 17. Bh1 Bxd4 18. Rxd4 Qxd4 19. Bg2 Qd3 20. Qxd3 Nxd3 21. Re2 Bxg2 22. Kxg2 Nc1 23. Rc2 Nxa2 24. c5 dxc5 25. Bxc5 b6 26. Be3 c5 0-1

[Event "Warsaw Four Seasons op 2nd"]
[Site "Warsaw"]
[Date "2011.??.??"]
[Round "1"]
[White "Kaczmarska, Joanna"]
[Black "Szumilas, Pawel"]
[Result "0-1"]
[WhiteElo "1491"]
[BlackElo "2203"]
[PlyCount "58"]
[EventDate "2011.11.26"]
[EventType "swiss"]
[EventRounds "9"]
[EventCountry "POL"]
[SourceTitle "EXT 2014"]
[Source "ChessBase"]
[SourceDate "2013.11.20"]
[SourceVersion "1"]
[SourceVersionDate "2013.11.20"]
[SourceQuality "1"]

1. d4 Nf6 2. c4 g6 3. Nc3 Bg7 4. Bf4 d6 5. e3 0-0 6. Bd3 Nbd7 7. Nf3 Qe8 8. 0-0 e5 9. dxe5 dxe5 10. Bg3 e4 11. Bxc7 exf3 12. Qxf3 Ne5 13. Bxe5 Qxe5 14. Qe2 Ng4 15. g3 Qh5 16. f4 Bxc3 17. bxc3 Qc5 18. Rae1 Re8 19. Rf3 Nf6 20. Rff1 Bh3 21. Rf2 Rad8 22. Kh1 Bg4 23. Qc2 Rxe3 24. Rxe3 Qxe3 25. Bf1 Bf3+ 26. Rxf3 Qxf3+ 27. Kg1 Qe3+ 28. Qf2 Qxf2+ 29. Kxf2 Rd2+ 0-1

[Event "Polanica Zdroj op-A 46th"]
[Site "Polanica Zdroj"]
[Date "2010.08.27"]
[Round "9"]
[White "Dobrowolski, Aleksander"]
[Black "Szumilas, Pawel"]
[Result "1/2-1/2"]
[WhiteElo "2328"]
[BlackElo "2223"]
[PlyCount "65"]
[EventDate "2010.08.19"]
[EventType "swiss"]
[EventRounds "10"]
[EventCountry "POL"]
[SourceTitle "CBM 138 Extra"]
[Source "ChessBase"]
[SourceDate "2010.10.29"]
[SourceVersion "1"]
[SourceVersionDate "2010.10.29"]
[SourceQuality "1"]

1. e4 c5 2. Nf3 Nc6 3. d4 cxd4 4. Nxd4 g6 5. Nc3 Bg7 6. Be3 Nf6 7. Bc4 0-0 8. Bb3 a5 9. f3 d5 10. Bxd5 Nxd5 11. exd5 Nb4 12. Nde2 Bf5 13. Rc1 b5 14. 0-0 Rc8 15. Nd4 Bxd4 16. Qxd4 Nxc2 17. Rxc2 e5 18. dxe6 Bxc2 19. e7 Qxe7 20. Nd5 Qe6 21. Nf6+ Kh8 22. Nd7+ f6 23. Nxf8 Rxf8 24. Bh6 Rc8 25. Rc1 Kg8 26. Qa7 Qf7 27. Qa6 Qd7 28. Qxf6 Rd8 29. Kf2 Bd3 30. Rd1 Qa7+ 31. Kg3 Qc7+ 32. Bf4 Qd7 33. Be5 1/2-1/2

[Event "Polanica Zdroj op-A 46th"]
[Site "Polanica Zdroj"]
[Date "2010.08.22"]
[Round "4"]
[White "Furman, Boris"]
[Black "Szumilas, Pawel"]
[Result "1-0"]
[WhiteElo "2237"]
[BlackElo "2223"]
[PlyCount "83"]
[EventDate "2010.08.19"]
[EventType "swiss"]
[EventRounds "10"]
[EventCountry "POL"]
[SourceTitle "CBM 138 Extra"]
[Source "ChessBase"]
[SourceDate "2010.10.29"]
[SourceVersion "1"]
[SourceVersionDate "2010.10.29"]
[SourceQuality "1"]

1. d4 Nf6 2. c4 g6 3. Nc3 Bg7 4. Nf3 d6 5. Bg5 h6 6. Bh4 g5 7. Bg3 Nh5 8. e3 c5 9. d5 Nxg3 10. hxg3 Qa5 11. Qd2 Nd7 12. Qc2 a6 13. Nd2 b5 14. cxb5 axb5 15. Bxb5 Ba6 16. Bxa6 Qxa6 17. f4 0-0 18. Nf3 gxf4 19. gxf4 Rfb8 20. Kf2 Nf6 21. Rh4 Qc4 22. Nd2 Qa6 23. Rb1 Qb7 24. Qd3 Qa6 25. Qxa6 Rxa6 26. b3 Nd7 27. Na4 c4 28. Rc1 Nb6 29. Nxb6 Rbxb6 30. Rc2 c3 31. Nc4 Rb5 32. e4 f5 33. Ke3 e6 34. dxe6 fxe4 35. g4 d5 36. Ne5 Bxe5 37. fxe5 Rc5 38. Rxh6 Rxa2 39. e7 Kf7 40. Rh7+ Ke8 41. Rxa2 Rc8 42. Rh8+ 1-0

[Event "Polanica Zdroj op-A 46th"]
[Site "Polanica Zdroj"]
[Date "2010.08.20"]
[Round "2"]
[White "Piotrowski, Przemyslaw"]
[Black "Szumilas, Pawel"]
[Result "0-1"]
[WhiteElo "1875"]
[BlackElo "2223"]
[PlyCount "114"]
[EventDate "2010.08.19"]
[EventType "swiss"]
[EventRounds "10"]
[EventCountry "POL"]
[SourceTitle "CBM 138 Extra"]
[Source "ChessBase"]
[SourceDate "2010.10.29"]
[SourceVersion "1"]
[SourceVersionDate "2010.10.29"]
[SourceQuality "1"]

1. Nf3 g6 2. g3 Bg7 3. Bg2 Nf6 4. 0-0 d6 5. d3 0-0 6. c4 c5 7. Nc3 Nc6 8. Rb1 Rb8 9. a3 a6 10. b4 cxb4 11. axb4 b5 12. cxb5 axb5 13. Re1 h6 14. d4 Bd7 15. e4 Ne8 16. Qd3 Nc7 17. d5 Ne5 18. Nxe5 dxe5 19. Be3 Ne8 20. Bc5 Nd6 21. Bxd6 exd6 22. Ra1 Rb7 23. Ra5 Qb8 24. Rea1 Bf6 25. Bf1 Rc8 26. Nxb5 Bxb5 27. Rxb5 Rxb5 28. Qxb5 Qxb5 29. Bxb5 Rb8 30. Be2 Rxb4 31. f3 Bg5 32. Kf2 Rb3 33. Bd1 Rc3 34. Ra2 Be3+ 35. Ke2 Bc5 36. Ra4 Rc1 37. Kd2 Rb1 38. Kc2 Rb6 39. g4 Bd4 40. Kd2 Kg7 41. Rc4 Bc5 42. Ke2 Kf6 43. h4 Rb8 44. Bc2 h5 45. g5+ Kg7 46. Rc3 Rb2 47. Kd3 Ra2 48. Rb3 Bf2 49. Rb7 Bxh4 50. f4 exf4 51. e5 dxe5 52. Bb3 Ra1 53. d6 Bxg5 54. Ke2 e4 55. Bxf7 f3+ 56. Kf2 e3+ 57. Kg3 e2 0-1

[Event "Polanica Zdroj op-A 45th"]
[Site "Polanica Zdroj"]
[Date "2009.08.22"]
[Round "5"]
[White "Szumilas, Pawel"]
[Black "Wieczorek, Oskar"]
[Result "1/2-1/2"]
[WhiteElo "2218"]
[BlackElo "2244"]
[PlyCount "80"]
[EventDate "2009.08.18"]
[EventType "swiss"]
[EventRounds "10"]
[EventCountry "POL"]
[SourceTitle "CBM 131 Extra"]
[Source "ChessBase"]
[SourceDate "2009.09.03"]
[SourceVersion "2"]
[SourceVersionDate "2009.09.16"]
[SourceQuality "1"]

1. c4 Nf6 2. g3 g6 3. Bg2 Bg7 4. Nc3 0-0 5. e3 d6 6. Nge2 e5 7. 0-0 Nbd7 8. d3 a5 9. Rb1 Re8 10. a3 Nf8 11. b4 axb4 12. axb4 c6 13. b5 d5 14. bxc6 bxc6 15. cxd5 cxd5 16. Qb3 Bg4 17. h3 Be6 18. d4 Bf5 19. Rb2 exd4 20. Nxd4 Bd3 21. Rd1 Bc4 22. Qc2 Ne6 23. Nb3 Rc8 24. Rb1 Qc7 25. Bd2 Red8 26. Be1 h5 27. Ne2 Qe7 28. Ned4 Ng5 29. Kh2 Bf1 30. Qd2 Bxg2 31. Kxg2 Qd7 32. h4 Qh3+ 33. Kg1 Nge4 34. Qe2 Kh7 35. Qf3 Qd7 36. Qe2 Qh3 37. Qf3 Qg4 38. Qxg4 hxg4 39. Rdc1 Nd7 40. Ba5 Re8 1/2-1/2

[Event "Polanica Zdroj op-A 45th"]
[Site "Polanica Zdroj"]
[Date "2009.08.21"]
[Round "4"]
[White "Szumilas, Pawel"]
[Black "Miroslaw, Michal"]
[Result "1/2-1/2"]
[WhiteElo "2218"]
[BlackElo "2333"]
[PlyCount "100"]
[EventDate "2009.08.18"]
[EventType "swiss"]
[EventRounds "10"]
[EventCountry "POL"]
[SourceTitle "CBM 131 Extra"]
[Source "ChessBase"]
[SourceDate "2009.09.03"]
[SourceVersion "2"]
[SourceVersionDate "2009.09.16"]
[SourceQuality "1"]

1. e4 c6 2. d4 d5 3. exd5 cxd5 4. c4 Nf6 5. Nc3 Nc6 6. Nf3 Bg4 7. cxd5 Nxd5 8. Qb3 Bxf3 9. gxf3 Nb6 10. Be3 e6 11. 0-0-0 Be7 12. d5 exd5 13. Nxd5 Nxd5 14. Rxd5 Qc7 15. Kb1 0-0 16. f4 Nb4 17. Rd4 Qc6 18. Rg1 Rfd8 19. Bg2 Qg6+ 20. f5 Qxf5+ 21. Be4 Qh5 22. Rxb4 Bxb4 23. Qxb4 Rd1+ 24. Rxd1 Qxd1+ 25. Bc1 Rc8 26. Qd2 Qxd2 27. Bxd2 Rc7 28. Bf4 Re7 29. f3 g6 30. Kc2 Kg7 31. Kd3 Rd7+ 32. Kc4 Kf6 33. Kb5 Ke6 34. b4 f5 35. Bc2 Kf6 36. Be3 g5 37. Bxa7 Rd2 38. Bb3 Rxh2 39. Bd4+ Kg6 40. Kb6 h5 41. Kxb7 h4 42. b5 h3 43. b6 Rxa2 44. Bg1 h2 45. Bxh2 Rxh2 46. Kc7 Rb2 47. Bd5 g4 48. fxg4 fxg4 49. b7 Rxb7+ 50. Bxb7 g3 1/2-1/2

[Event "Polanica Zdroj op-A 45th"]
[Site "Polanica Zdroj"]
[Date "2009.08.18"]
[Round "1"]
[White "Kuzmicz, Krystian"]
[Black "Szumilas, Pawel"]
[Result "1/2-1/2"]
[WhiteElo "2408"]
[BlackElo "2218"]
[PlyCount "55"]
[EventDate "2009.08.18"]
[EventType "swiss"]
[EventRounds "10"]
[EventCountry "POL"]
[SourceTitle "CBM 131 Extra"]
[Source "ChessBase"]
[SourceDate "2009.09.03"]
[SourceVersion "2"]
[SourceVersionDate "2009.09.16"]
[SourceQuality "1"]

1. e4 c5 2. d3 g6 3. g3 Bg7 4. Bg2 Nc6 5. f4 d6 6. Nf3 e5 7. 0-0 Nge7 8. c3 0-0 9. Na3 exf4 10. Bxf4 Ne5 11. Nc4 N7c6 12. Qd2 b6 13. b3 Nxf3+ 14. Bxf3 Ne5 15. Bg2 Ba6 16. Rad1 Qd7 17. Qc2 Rac8 18. Ne3 Nc6 19. Bf3 Rce8 20. Bg4 Qd8 21. Nc4 Ne5 22. Bh3 Bb7 23. Ne3 Nc6 24. Ng4 Kh8 25. Qd2 Bc8 26. Bg5 f6 27. Be3 d5 28. Bh6 1/2-1/2

[Event "Wroclaw Cup Final"]
[Site "Wroclaw"]
[Date "2009.08.10"]
[Round "5.5"]
[White "Szumilas, Pawel"]
[Black "Antoniewicz, Jakub"]
[Result "1-0"]
[WhiteElo "2218"]
[BlackElo "1718"]
[PlyCount "59"]
[EventDate "2009.08.07"]
[EventType "swiss"]
[EventRounds "9"]
[EventCountry "POL"]
[SourceTitle "EXT 2023"]
[Source "ChessBase"]
[SourceDate "2022.10.05"]
[SourceVersion "1"]
[SourceVersionDate "2022.10.05"]
[SourceQuality "1"]

1. e4 c5 2. Nf3 Nc6 3. d4 cxd4 4. Nxd4 Nf6 5. Nc3 d6 6. Bg5 e6 7. Qd2 Be7 8. 0-0-0 a6 9. f3 0-0 10. h4 Qb6 11. Be3 Qc7 12. g4 b5 13. Nxc6 Qxc6 14. Ne2 Bb7 15. Nd4 Qc7 16. h5 Rfc8 17. g5 Nd7 18. g6 Bf6 19. Kb1 Ne5 20. Bd3 hxg6 21. hxg6 Nxg6 22. Qh2 Kf8 23. f4 Ke7 24. Qg3 Rh8 25. Nxe6 fxe6 26. Qxg6 Qa5 27. Rxh8 Qb4 28. e5 dxe5 29. Rxa8 e4 30. Qe8+ 1-0

[Event "Wroclaw Cup Final"]
[Site "Wroclaw"]
[Date "2009.08.08"]
[Round "3.3"]
[White "Szumilas, Pawel"]
[Black "Dubinski, Mateusz"]
[Result "1/2-1/2"]
[WhiteElo "2218"]
[BlackElo "2149"]
[PlyCount "32"]
[EventDate "2009.08.07"]
[EventType "swiss"]
[EventRounds "9"]
[EventCountry "POL"]
[SourceTitle "EXT 2023"]
[Source "ChessBase"]
[SourceDate "2022.10.05"]
[SourceVersion "1"]
[SourceVersionDate "2022.10.05"]
[SourceQuality "1"]

1. e4 d5 2. exd5 Nf6 3. c4 e6 4. d4 exd5 5. Nc3 Be7 6. Nf3 0-0 7. Be2 dxc4 8. Bxc4 c6 9. 0-0 Nbd7 10. h3 b5 11. Bd3 Nb6 12. Re1 Nbd5 13. Ne5 Bb7 14. a3 a6 15. Ne4 Nxe4 16. Bxe4 c5 1/2-1/2

[Event "Legnica YM"]
[Site "Legnica"]
[Date "2008.11.29"]
[Round "3"]
[White "Szumilas, Pawel"]
[Black "Sabuk, Piotr"]
[Result "1-0"]
[WhiteElo "2191"]
[BlackElo "2078"]
[PlyCount "119"]
[EventDate "2008.11.28"]
[EventType "tourn"]
[EventRounds "7"]
[EventCountry "POL"]
[SourceTitle "EXT 2010"]
[Source "ChessBase"]
[SourceDate "2010.11.25"]
[SourceVersion "1"]
[SourceVersionDate "2010.11.25"]
[SourceQuality "1"]

1. e4 e5 2. Nf3 Nc6 3. Bb5 a6 4. Ba4 Nf6 5. 0-0 Be7 6. Re1 b5 7. Bb3 d6 8. c3 0-0 9. h3 Bb7 10. d4 Re8 11. Nbd2 Bf8 12. d5 Nb8 13. Nf1 Nbd7 14. Ng3 Nc5 15. Bc2 c6 16. b4 Ncd7 17. dxc6 Bxc6 18. Bb3 h6 19. Nh2 Nb6 20. Ng4 Nc4 21. a4 Nxg4 22. Qxg4 Bd7 23. Nf5 Kh7 24. Qf3 Be6 25. Ne3 Nxe3 26. Bxe6 Nc2 27. Bxf7 Nxe1 28. Qe2 Re7 29. Bd5 Rb8 30. Qxe1 Qe8 31. Qe2 Rc7 32. Bd2 Be7 33. g3 Qg6 34. axb5 axb5 35. Ra5 Bg5 36. Be1 Qe8 37. h4 Bd8 38. Ra6 Qd7 39. Qe3 Be7 40. Bd2 Qc8 41. Ra5 Qg4 42. Kh2 Rf8 43. Kg2 Bxh4 44. Be1 Bg5 45. Qd3 Rb8 46. Rxb5 Rxb5 47. Qxb5 Qd1 48. Qe8 h5 49. Qg8+ Kg6 50. Qe6+ Kh7 51. Qxd6 Qxe1 52. Qxc7 Be3 53. Qf7 Qe2 54. Bc4 Qc2 55. Qxh5+ Bh6 56. Qxe5 Be3 57. Qf5+ g6 58. Qf7+ Kh6 59. Qf8+ Kg5 60. Bd5 1-0

[Event "POL-chT 1st League"]
[Site "Ustron"]
[Date "2008.09.07"]
[Round "2"]
[White "Antoniewski, Rafal"]
[Black "Szumilas, Pawel"]
[Result "1-0"]
[WhiteElo "2503"]
[BlackElo "2164"]
[PlyCount "127"]
[EventDate "2008.09.06"]
[EventType "team-tourn"]
[EventRounds "9"]
[EventCountry "POL"]
[SourceTitle "CBM 126 Extra"]
[Source "ChessBase"]
[SourceDate "2008.11.05"]
[SourceVersion "1"]
[SourceVersionDate "2008.11.05"]
[SourceQuality "1"]
[WhiteTeam "Dankowice Pasjonat"]
[BlackTeam "Legnica Miedz"]
[WhiteTeamCountry "POL"]
[BlackTeamCountry "POL"]

1. e4 c5 2. b3 d6 3. Bb2 e5 4. Bc4 Nf6 5. Nc3 g6 6. Nge2 Bg7 7. 0-0 0-0 8. d3 Be6 9. f4 Bxc4 10. bxc4 exf4 11. Nxf4 Nc6 12. Rb1 Rb8 13. Kh1 Ne5 14. Qe1 Ne8 15. a4 Nc7 16. Ncd5 Ne6 17. Qg3 b6 18. Bc3 Qg5 19. Nxe6 Qxg3 20. hxg3 fxe6 21. Nc7 Rxf1+ 22. Rxf1 Nc6 23. Bxg7 Kxg7 24. Nxe6+ Kg8 25. Rf6 Rc8 26. Kg1 Nb4 27. Nf4 Rd8 28. c3 Nc6 29. Ne6 Rc8 30. Kf1 Ne5 31. Ke2 Nd7 32. Rf1 Nb8 33. g4 Nc6 34. Rf6 Ne5 35. g5 Nf7 36. Ke3 Re8 37. d4 Rc8 38. Kd3 Rb8 39. Nc7 Rd8 40. Ne6 Rc8 41. Nf4 Rd8 42. Nh3 Re8 43. g3 Re7 44. Rf2 Kf8 45. Ng1 Kg7 46. Nf3 Re8 47. a5 bxa5 48. Rb2 Re7 49. Rb5 Rd7 50. Rxa5 Kf8 51. Ke3 Rc7 52. Kd3 Rd7 53. Ra2 Re7 54. Rh2 Kg7 55. Rb2 Rc7 56. Rb8 Re7 57. Rc8 Rd7 58. Ke3 Rb7 59. dxc5 dxc5 60. Rxc5 a6 61. Nd4 Kf8 62. Kf4 Rd7 63. Rc8+ Ke7 64. c5 1-0

[Event "Polanica Zdroj op-B 44th"]
[Site "Polanica Zdroj"]
[Date "2008.08.26"]
[Round "8"]
[White "Szumilas, Piotr"]
[Black "Szumilas, Pawel"]
[Result "0-1"]
[WhiteElo "2070"]
[BlackElo "2164"]
[PlyCount "76"]
[EventDate "2008.08.19"]
[EventType "swiss"]
[EventRounds "10"]
[EventCountry "POL"]
[SourceTitle "CBM 126 Extra"]
[Source "ChessBase"]
[SourceDate "2008.11.05"]
[SourceVersion "1"]
[SourceVersionDate "2008.11.05"]
[SourceQuality "1"]

1. e4 c5 2. Nf3 Nc6 3. d4 cxd4 4. Nxd4 Nf6 5. Nc3 g6 6. Bc4 Bg7 7. Be3 Qa5 8. 0-0 0-0 9. Bb3 d6 10. h3 Bd7 11. f4 Nxd4 12. Bxd4 Bc6 13. Qe2 Qb4 14. Rad1 Nxe4 15. Bxg7 Kxg7 16. Nxe4 Qxe4 17. Qxe4 Bxe4 18. Rfe1 f5 19. Bd5 Bxd5 20. Rxd5 Kf6 21. Kf2 Rac8 22. c3 Rc4 23. Kf3 Rfc8 24. Rd3 R8c5 25. g4 fxg4+ 26. hxg4 h5 27. g5+ Kf5 28. Rxe7 Rxf4+ 29. Kg3 Kxg5 30. Rxb7 a5 31. Rxd6 h4+ 32. Kh3 Rcf5 33. Rd3 Rf3+ 34. Rxf3 Rxf3+ 35. Kg2 Kg4 36. Rg7 h3+ 37. Kh2 g5 38. Rd7 Rf2+ 0-1

[Event "Polanica Zdroj op-B 44th"]
[Site "Polanica Zdroj"]
[Date "2008.08.25"]
[Round "7"]
[White "Szumilas, Pawel"]
[Black "Pietocha, Pawel"]
[Result "1/2-1/2"]
[WhiteElo "2164"]
[BlackElo "2036"]
[PlyCount "42"]
[EventDate "2008.08.19"]
[EventType "swiss"]
[EventRounds "10"]
[EventCountry "POL"]
[SourceTitle "CBM 126 Extra"]
[Source "ChessBase"]
[SourceDate "2008.11.05"]
[SourceVersion "1"]
[SourceVersionDate "2008.11.05"]
[SourceQuality "1"]

1. e4 g6 2. d4 Bg7 3. Nc3 d5 4. exd5 Nd7 5. Na4 Nb6 6. c4 c6 7. Nf3 cxd5 8. c5 Nxa4 9. Qxa4+ Bd7 10. Bb5 Bxb5 11. Qxb5+ Qd7 12. Qe2 e6 13. 0-0 f6 14. Re1 Kf7 15. Bf4 Ne7 16. b4 Rhe8 17. h3 a6 18. b5 g5 19. Bh2 Ng6 20. Rac1 Rac8 21. a4 e5 1/2-1/2

[Event "Polanica Zdroj op-B 44th"]
[Site "Polanica Zdroj"]
[Date "2008.08.24"]
[Round "6"]
[White "Murawski, Wieslaw"]
[Black "Szumilas, Pawel"]
[Result "1/2-1/2"]
[WhiteElo "2097"]
[BlackElo "2164"]
[PlyCount "38"]
[EventDate "2008.08.19"]
[EventType "swiss"]
[EventRounds "10"]
[EventCountry "POL"]
[SourceTitle "CBM 126 Extra"]
[Source "ChessBase"]
[SourceDate "2008.11.05"]
[SourceVersion "1"]
[SourceVersionDate "2008.11.05"]
[SourceQuality "1"]

1. e4 c5 2. Nf3 g6 3. d4 cxd4 4. Nxd4 Bg7 5. c4 Nc6 6. Nc2 d6 7. Be2 Nf6 8. Nc3 Nd7 9. Bd2 0-0 10. 0-0 Nc5 11. Bf3 a5 12. Rb1 a4 13. b4 axb3 14. axb3 f5 15. b4 Nxe4 16. Nxe4 fxe4 17. Bxe4 Bf5 18. Bxf5 Rxf5 19. Be3 Qc7 1/2-1/2

[Event "Polanica Zdroj op-B 44th"]
[Site "Polanica Zdroj"]
[Date "2008.08.23"]
[Round "5"]
[White "Szumilas, Pawel"]
[Black "Balinski, Damian"]
[Result "1-0"]
[WhiteElo "2164"]
[BlackElo "1978"]
[PlyCount "53"]
[EventDate "2008.08.19"]
[EventType "swiss"]
[EventRounds "10"]
[EventCountry "POL"]
[SourceTitle "CBM 126 Extra"]
[Source "ChessBase"]
[SourceDate "2008.11.05"]
[SourceVersion "1"]
[SourceVersionDate "2008.11.05"]
[SourceQuality "1"]

1. e4 d5 2. exd5 Nf6 3. Nf3 Nxd5 4. d4 g6 5. c4 Nb6 6. c5 Nd5 7. Nc3 Bg7 8. Bc4 c6 9. Qb3 0-0 10. 0-0 Nxc3 11. bxc3 b5 12. cxb6 axb6 13. Ne5 e6 14. Be3 Ba6 15. a4 Bxc4 16. Qxc4 Qd5 17. Qb4 Ra6 18. Rfb1 f6 19. Nf3 Rd8 20. c4 Qe4 21. Nd2 Qf5 22. Qe7 Rc8 23. Qb7 e5 24. dxe5 Qd7 25. Rxb6 Rxb6 26. Qxb6 fxe5 27. Ne4 1-0

[Event "Polanica Zdroj op-B 44th"]
[Site "Polanica Zdroj"]
[Date "2008.08.22"]
[Round "4"]
[White "Jagiela, Piotr"]
[Black "Szumilas, Pawel"]
[Result "0-1"]
[WhiteElo "1923"]
[BlackElo "2164"]
[PlyCount "54"]
[EventDate "2008.08.19"]
[EventType "swiss"]
[EventRounds "10"]
[EventCountry "POL"]
[SourceTitle "CBM 126 Extra"]
[Source "ChessBase"]
[SourceDate "2008.11.05"]
[SourceVersion "1"]
[SourceVersionDate "2008.11.05"]
[SourceQuality "1"]

1. c4 g6 2. Nc3 Bg7 3. g3 Nf6 4. Bg2 d6 5. d4 0-0 6. e4 Nc6 7. Nge2 e5 8. d5 Nd4 9. Nxd4 exd4 10. Ne2 Re8 11. f3 c6 12. dxc6 bxc6 13. Nxd4 Qb6 14. Nb3 Ba6 15. Qc2 d5 16. c5 Qb7 17. Bd2 dxe4 18. fxe4 Nxe4 19. Bxe4 f5 20. 0-0-0 fxe4 21. Na5 Qc7 22. Nc4 Qf7 23. b3 Bxc4 24. Qxc4 Qxc4+ 25. bxc4 e3 26. Bb4 a5 27. Ba3 e2 0-1

[Event "Polanica Zdroj op-B 44th"]
[Site "Polanica Zdroj"]
[Date "2008.08.21"]
[Round "3"]
[White "Szumilas, Pawel"]
[Black "Bes, Michal"]
[Result "1/2-1/2"]
[WhiteElo "2164"]
[BlackElo "1951"]
[PlyCount "58"]
[EventDate "2008.08.19"]
[EventType "swiss"]
[EventRounds "10"]
[EventCountry "POL"]
[SourceTitle "CBM 126 Extra"]
[Source "ChessBase"]
[SourceDate "2008.11.05"]
[SourceVersion "1"]
[SourceVersionDate "2008.11.05"]
[SourceQuality "1"]

1. e4 Nf6 2. e5 Nd5 3. d4 d6 4. c4 Nb6 5. exd6 cxd6 6. d5 e5 7. Nc3 Be7 8. Bd3 0-0 9. Nge2 N8d7 10. b3 Nc5 11. Bc2 f5 12. 0-0 f4 13. f3 g5 14. Ne4 Nxe4 15. Bxe4 Nd7 16. Qc2 Nf6 17. Bf5 Bd7 18. Nc3 Qc8 19. Bxd7 Qxd7 20. Ne4 Nxe4 21. Qxe4 b5 22. Bb2 bxc4 23. bxc4 Rab8 24. Rf2 Qf5 25. c5 dxc5 26. Bxe5 Rb4 27. Qe2 Bf6 28. Bxf6 Qxf6 29. Rc1 Qd6 1/2-1/2

[Event "Pszczyna op 4th"]
[Site "Pszczyna"]
[Date "2008.07.21"]
[Round "9"]
[White "Szumilas, Pawel"]
[Black "Janiszewski, Maciej"]
[Result "1-0"]
[WhiteElo "2164"]
[BlackElo "2072"]
[PlyCount "59"]
[EventDate "2008.07.15"]
[EventType "swiss"]
[EventRounds "9"]
[EventCountry "POL"]
[SourceTitle "CBM 125 Extra"]
[Source "ChessBase"]
[SourceDate "2008.09.01"]
[SourceVersion "1"]
[SourceVersionDate "2008.09.01"]
[SourceQuality "1"]

1. e4 c5 2. Nc3 Nc6 3. Bb5 Qc7 4. Nf3 e6 5. Bxc6 Qxc6 6. d4 Nf6 7. d5 Qc7 8. 0-0 a6 9. Bg5 d6 10. dxe6 fxe6 11. Qe2 b5 12. e5 b4 13. exf6 bxc3 14. bxc3 Qf7 15. fxg7 Bxg7 16. Rad1 Qd7 17. Bf4 d5 18. Ne5 Bxe5 19. Bxe5 Rg8 20. Qe3 Bb7 21. f3 Qc6 22. Rb1 0-0-0 23. Rb2 Rd7 24. Bg3 d4 25. Qe5 Kd8 26. Qb8+ Bc8 27. Rb6 Qd5 28. Bh4+ Rg5 29. Bxg5+ Qxg5 30. Rc6 1-0

[Event "Pszczyna op 4th"]
[Site "Pszczyna"]
[Date "2008.07.15"]
[Round "2"]
[White "Gromada, Andrzej"]
[Black "Szumilas, Pawel"]
[Result "0-1"]
[WhiteElo "1995"]
[BlackElo "2164"]
[PlyCount "68"]
[EventDate "2008.07.15"]
[EventType "swiss"]
[EventRounds "9"]
[EventCountry "POL"]
[SourceTitle "CBM 125 Extra"]
[Source "ChessBase"]
[SourceDate "2008.09.01"]
[SourceVersion "1"]
[SourceVersionDate "2008.09.01"]
[SourceQuality "1"]

1. d4 Nf6 2. Nf3 g6 3. c4 Bg7 4. Nc3 0-0 5. e4 d6 6. Be2 e5 7. 0-0 exd4 8. Nxd4 Re8 9. f3 c6 10. Bg5 Qa5 11. Qd2 Nxe4 12. fxe4 Bxd4+ 13. Qxd4 Qxg5 14. Qxd6 Nd7 15. Kh1 Ne5 16. Rad1 h5 17. c5 h4 18. Qc7 h3 19. g3 Be6 20. Rf4 Rac8 21. Qa5 a6 22. Kg1 Red8 23. Rxd8+ Rxd8 24. Qc7 Nd3 25. Bxd3 Rxd3 26. Kf1 Rd2 27. Ke1 Rxh2 28. Ne2 Bc4 29. Rf2 Rh1+ 30. Rf1 Rxf1+ 31. Kxf1 Bxe2+ 32. Kxe2 h2 33. Qc8+ Kg7 34. Qh3 Qh5+ 0-1

[Event "Lubawka op 3rd"]
[Site "Lubawka"]
[Date "2008.07.11"]
[Round "9"]
[White "Surman, Martin"]
[Black "Szumilas, Pawel"]
[Result "1/2-1/2"]
[WhiteElo "2120"]
[BlackElo "2164"]
[PlyCount "59"]
[EventDate "2008.07.05"]
[EventType "swiss"]
[EventRounds "9"]
[EventCountry "POL"]
[SourceTitle "CBM 125 Extra"]
[Source "ChessBase"]
[SourceDate "2008.09.01"]
[SourceVersion "1"]
[SourceVersionDate "2008.09.01"]
[SourceQuality "1"]

1. e4 c5 2. Nf3 g6 3. d4 cxd4 4. Nxd4 Bg7 5. c4 Nc6 6. Be3 Nf6 7. Nc3 0-0 8. Be2 d6 9. 0-0 Bd7 10. Qd2 Nxd4 11. Bxd4 Bc6 12. Qd3 a5 13. Rad1 Nd7 14. Bxg7 Kxg7 15. Qd4+ Kg8 16. Bg4 Nf6 17. Bh3 e5 18. Qxd6 Qxd6 19. Rxd6 Nxe4 20. Nxe4 Bxe4 21. f3 Bc6 22. Bd7 Rfd8 23. Rfd1 a4 24. Bxc6 Rxd6 25. Rxd6 bxc6 26. Rxc6 Rb8 27. Ra6 Rxb2 28. Rxa4 Rc2 29. a3 f5 30. Rb4 1/2-1/2